000 00310nam a22001337a 4500
008 170508b xxu||||| |||| 00| 0 eng d
020 _a9780521367042
041 _aeng
080 _a34
100 _a14
101 _aSHJ
245 _aECONOMIC ANALYSISI OF PROPERTY RIGHT
_cBARZEL.U
942 _2udc
_cBK
999 _c13023
_d13023